SOLAS: edición refundida del convenio internacional para la seguridad de la vida humana en el mar 1974, y su Protocolo de 1978: articulos, anexos y certificados
Uloženo v:
| Korporativní autor: | |
|---|---|
| Médium: | Kniha |
| Jazyk: | španělština |
| Vydáno: |
London, England, United Kingdom
Organización Marítima Internacional
1994
|
| Témata: | |
| Tagy: |
Přidat tag
Žádné tagy, Buďte první, kdo vytvoří štítek k tomuto záznamu!
|
MARC
| LEADER | 00000nam a2200000 a 4500 | ||
|---|---|---|---|
| 001 | UCY4817 | ||
| 003 | CL-VaPUC | ||
| 005 | 20210517130625.0 | ||
| 008 | 950329e19940000UK |||||||||||||||||spa|d | ||
| 999 | |c 232580 |d 232578 | ||
| 040 | |c Pontificia Universidad Católica de Valparaíso | ||
| 082 | 0 | 4 | |a 623.888 ORG 1994 |2 21 |
| 110 | 2 | |a Organización Marítima Internacional |e autor |9 333326 | |
| 245 | 1 | 0 | |a SOLAS: edición refundida del convenio internacional para la seguridad de la vida humana en el mar 1974, y su Protocolo de 1978: articulos, anexos y certificados |
| 260 | 0 | 3 | |a London, England, United Kingdom |b Organización Marítima Internacional |c 1994 |
| 300 | |a 575 páginas | ||
| 583 | |a last modification |c 19950329 00:00:00 |k Rodrigo Vera | ||
| 650 | 0 | |a Accidentes marítimos |9 333327 | |
| 650 | 7 | |a RESPONSABILIDAD POR ACCIDENTES MARINOS |2 CL-VaPUC |9 333328 | |
| 650 | 7 | |a BARCOS PESQUEROS MEDIDAS DE SEGURIDAD |2 CL-VaPUC |9 333329 | |
| 942 | |c BK |2 ddc | ||
| 945 | |d 19950329 00:00:00 |a mfernand | ||